| 000 | 00990nas a2200301 4500 | ||
|---|---|---|---|
| 001 | BR2019001035 | ||
| 003 | BR-BrBNA | ||
| 005 | 20231205131751.0 | ||
| 007 | ta | ||
| 008 | 230509b bl.|||p| |||| 00| 00por d | ||
| 040 |
_aBR-BrBNA _bpor _cBiblioteca Nacional de Agricultura |
||
| 041 | _a(En) | ||
| 072 | _aF04 | ||
| 100 | 1 | _aVidigal, S.M. | |
| 100 | 1 | _aLopes, I.P. de C. | |
| 100 | 1 | _aPuiatti, M. | |
| 100 | 1 | _aSediyama, M.A.N. | |
| 100 | 1 | _aRibeiro, M.R. de F. | |
| 245 | 1 | _aYield performance of taro (Colocasia esculenta L.)cultivated with topdressing nitrogen rates at the Zona da Mata region of Minas Gerais | |
| 650 | _aTARO | ||
| 650 | _aADUBAÇÃO | ||
| 650 | _aNITROGÊNIO | ||
| 650 | _aRENDIMENTO | ||
| 773 | 0 |
_tRevista Ceres (Brazil) _xISSN 2177-3491 _g(Nov-Dec 2016), v. 63(6) p. 887-892 _wBR2019001035 |
|
| 856 | 4 | 0 | _uhttp://www.scielo.br/pdf/rceres/v63n6/0034-737X-rceres-63-06-00887.pdf |
| 909 |
_a202311 _bLúcia _c55 _dLúcia Elande |
||
| 942 |
_2AGRIS _n0 _cANA |
||
| 999 |
_c256567 _d256567 |
||